| 000 | 00599nam a2200217Ia 4500 | ||
|---|---|---|---|
| 003 | GCL | ||
| 008 | 140319s9999 xx 000 0 eng d | ||
| 040 |
_aGCL / _cGCL |
||
| 082 | 0 | 4 |
_a620.0042 _bO S |
| 100 | 1 | _aOWENS, GRAHAM | |
| 245 | 1 | 0 |
_aSTEEL DESIGNERS' MANUAL / _cOWENS, GRAHAM |
| 700 | 1 | _aKNOWLES, PETER R. | |
| 700 | 1 | _aDOWING, PATRICK J. | |
| 260 |
_a[S.N] : _bELBS BLACK WELL SCIENTIFIC PUBLICATION ، _c1994 |
||
| 300 | _a1266 P | ||
| 650 | 0 | 4 | _aالتحليل الرياضى |
| 650 | 0 | 4 | _aBUILDINGS |
| 650 | 0 | 4 | _aCIVIL ENGINEERING |
| 650 | 0 | 4 | _aSTEEL STRUCTURE |
| 942 |
_2ddc _cBK |
||
| 999 |
_c19965 _d19965 |
||